| 000 | 00473nam a2200193Ia 4500 | ||
|---|---|---|---|
| 005 | 20250603145214.0 | ||
| 008 | 250603s9999 xx 000 0 und d | ||
| 020 | _a81-219-1248-2 | ||
| 050 | _aHG 4521 .B43/ | ||
| 100 | _aBhalla, V.K. | ||
| 245 | 0 | _aInvestment management : security analysis and portfolio management | |
| 250 | _a16th ed. | ||
| 260 | _aNew Delhi | ||
| 260 | _bS.CHAND | ||
| 260 | _c2010 | ||
| 300 | _a1184 p | ||
| 650 | _aNew Delhi | ||
| 942 | _cBK | ||
| 999 |
_c41181 _d41181 |
||